Capitals Click Quiz: Countries Starting with A - Statistics

General Stats
  • This quiz has been taken 214 times
  • The average score is 10 of 11
Answer Stats
Hint Answer % Correct
Andorra la Vella Andorra
99%
Vienna Austria
99%
Buenos Aires Argentina
97%
Algiers Algeria
96%
Canberra Australia
96%
Saint John's Antigua and Barbuda
95%
Kabul Afghanistan
93%
Luanda Angola
88%
Tirana Albania
87%
Baku Azerbaijan
84%
Yerevan Armenia
83%
No matching quizzes found
Score Distribution
Percent of People with Each Score
Percentile by Number Answered
Your Score History
You have not taken this quiz